Riconosci la Squadra di calcio - Quiz n°89 - Statistics

Statistiche generali
  • Questo quiz è stato fatto 24 volte
  • Il punteggio medio è 6 su 9
Statistiche sulle risposte
Indizio Risposta % Corretto
Titoli nazionali 6 Campionati cechi
96%
Colori sociali Blu, rosso
92%
Divisione nazionale 2023-2024 Prima
79%
Confederazione UEFA
75%
Trofei internazionali 0
67%
Capienza Stadio 11 700 posti
67%
Fondazione 1911
63%
Trofei nazionali 1 Coppa della Repubblica Ceca 2 Supercoppe della Repubblica Ceca
58%
Squadra Viktoria Plzeň
29%
Nessun quiz corrispondente trovato
Distribuzione punteggi
Percentuale di utenti per punteggio
Percentile per numero di risposta
I tuoi punteggi nel tempo
Non hai fatto questo quiz